000 00320nam a22001217a 4500
008 160504b xxu||||| |||| 00| 0 eng d
020 _a9780314044488
020 _a0314044485
041 _aeng
080 _a612.39
245 _aNutrition and diet theropy:
_cCorinne Balog Cataldo; Linda Kelly Debruyne;
942 _2udc
_cBK
999 _c1786
_d1786